Formula one drivers line-up 1989 - Statistics

General Stats
  • This quiz has been taken 135 times
  • The average score is 37 of 54
Answer Stats
Constructor Rouds Driver Nationality % Correct
McLaren All Ayrton Senna Brazil
97%
McLaren All Alain Prost France
96%
Ferrari 1-13, 15-16 Nigel Mansell UK
84%
Williams All Riccardo Patrese Italy
84%
Lotus All Nelson Piquet Brazil
81%
Williams All Thierry Boutsen Belgium
81%
Dallara All Andrea de Cesaris Italy
79%
Brabham All Martin Brundle UK
78%
Lotus All Satoru Nakajima Japan
78%
Ferrari 1-2, 4-16 Gerhard Berger Austria
76%
Benetton All Alessandro Nannini Italy
75%
Tyrrell 11, 13 Johnny Herbert UK
75%
Benetton 1-6 Johnny Herbert UK
75%
Arrows All Eddie Cheever USA
73%
Tyrrell 7-10, 12, 14-16 Jean Alesi France
73%
Tyrrell 1-6 Michele Alboreto Italy
73%
Lola 9-16 Michele Alboreto Italy
73%
Coloni All Roberto Moreno Brazil
72%
Arrows 1-6, 8-16 Derek Warwick UK
70%
March All Ivan Capelli Italy
70%
Tyrrell All Jonathan Palmer UK
70%
March All Maurício Gugelmin Brazil
69%
Osella All Nicola Larini Italy
69%
Lola All Philippe Alliot France
69%
Minardi 1-14, 16 Pierluigi Martini Italy
69%
Ligier All René Arnoux France
69%
Brabham All Stefano Modena Italy
69%
Zakspeed All Aguri Suzuki Japan
67%
Onyx 13-16 JJ Lehto Finland
67%
Osella All Piercarlo Ghinzani Italy
67%
Onyx All Stefan Johansson Sweden
67%
Onyx 1-12 Bertrand Gachot Belgium
66%
Rial 15-16 Bertrand Gachot Belgium
66%
Benetton 7-16 Emanuele Pirro Italy
66%
Arrows 7 Martin Donnelly UK
66%
Rial 1-13 Christian Danner Germany
64%
Dallara All Alex Caffi Italy
63%
AGS 2-16 Gabriele Tarquini Italy
63%
FIRST None Gabriele Tarquini Italy
63%
Zakspeed All Bernd Schneider Germany
61%
Lola 7-8 Éric Bernard France
61%
EuroBrun 1-11 Gregor Foitek Switzerland
61%
Rial 14 Gregor Foitek Switzerland
61%
Minardi All Luis Pérez-Sala Spain
61%
Rial 1-10 Volker Weidler Germany
61%
Lola 1-7 Yannick Dalmas France
61%
AGS 8-16 Yannick Dalmas france
61%
AGS 1-7 Joachim Winkelhock Germany
60%
Ligier All Olivier Grouillard France
60%
EuroBrun 12-16 Oscar Larrauri Argentina
60%
Coloni 1-10 Pierre-Henri Raphanel France
60%
Rial 11-16 Pierre-Henri Raphanel France
60%
Minardi 15 Paolo Barilla Italy
52%
Coloni 11-16 Enrico Bertaggia Italy
51%
No matching quizzes found
Score Distribution
Percent of People with Each Score
Percentile by Number Answered
Your Score History
You have not taken this quiz